000
00314nam a22001337a 4500
020
_a
978-8170352518
041
_a
ENG
100
_a
reeuwijk .L.P
245
_a
Guidelines For Quality Management In And Plant Labratories
260
_a
Rome .
_b
Fao
_c
1998
300
_a
143
650
_a
FAO
856
_u
FAO ( 1 )
999
_c
2301
_d
2301